000 00366nam a22001577a 4500
005 20161015150958.0
008 161015b xxu||||| |||| 00| 0 eng d
020 _a978-93-86070-19-7
041 _aeng
100 _aWadhawa,C L
_93598
245 _aElectrical Power System
260 _bNew Age
_c2017
300 _a970
650 _aEngineering
_93599
942 _cBK
999 _c5268
_d5266